[Event "Landesliga U20 Nord 1617"]
[Site "Bayern"]
[Date "2017.03.11"]
[Round "6.1"]
[White "Drees, Martin"]
[Black "Landstorfer, Raphael"]
[Result "1-0"]
[WhiteElo "1904"]
[BlackElo "1760"]
[PlyCount "51"]
[EventDate "2016.11.12"]
[EventType "team-tourn"]
[EventRounds "7"]
[EventCountry "GER"]
[SourceTitle "EXT 2022"]
[Source "ChessBase"]
[SourceDate "2021.10.06"]
[SourceVersion "1"]
[SourceVersionDate "2021.10.06"]
[SourceQuality "1"]
[WhiteTeam "Cadolzburg U20"]
[BlackTeam "Kareth Lappersdorf U20"]
[WhiteTeamCountry "GER"]
[BlackTeamCountry "GER"]

1. e4 e6 2. Nf3 d5 3. Nc3 Nf6 4. e5 Nfd7 5. d4 c5 6. dxc5 Nc6 7. Bf4 Bxc5 8. Bd3 f6 9. Qe2 0-0 10. exf6 Nxf6 11. Bg5 e5 12. Nxd5 Bg4 13. Nxf6+ gxf6 14. Bh6 Nd4 15. Qe4 Bf5 16. Bc4+ Kh8 17. Qxb7 Nxf3+ 18. gxf3 Bxf2+ 19. Ke2 Qd7 20. Qxd7 Bxd7 21. Kxf2 Rfe8 22. Rhg1 Re7 23. Rad1 Bf5 24. Rd6 Rc8 25. Rxf6 Rxc4 26. Rf8# 1-0

[Event "Mittelfranken Mitte-ch"]
[Site "Zirndorf"]
[Date "2016.01.06"]
[Round "7"]
[White "Albayrak, Aylin"]
[Black "Drees, Martin"]
[Result "0-1"]
[WhiteElo "1646"]
[BlackElo "1875"]
[PlyCount "174"]
[EventDate "2016.01.03"]
[EventType "swiss"]
[EventRounds "7"]
[EventCountry "GER"]
[SourceTitle "EXT 2018"]
[Source "ChessBase"]
[SourceDate "2017.10.13"]
[SourceVersion "1"]
[SourceVersionDate "2017.10.13"]
[SourceQuality "1"]

1. d4 Nf6 2. c4 g6 3. Nc3 d5 4. Bf4 Bg7 5. e3 c5 6. Nf3 0-0 7. Be2 cxd4 8. Nxd4 Nc6 9. Ndb5 e5 10. Bg5 d4 11. exd4 exd4 12. Nd5 Bf5 13. 0-0 a6 14. Nbc7 Rc8 15. Nxf6+ Bxf6 16. Bxf6 Qxf6 17. Nd5 Qd8 18. Qb3 Na5 19. Qb4 d3 20. Ne7+ Kh8 21. Nxc8 dxe2 22. Rfe1 Bxc8 23. Rxe2 Nc6 24. Qc3+ Qd4 25. Qa3 Rd8 26. Rae1 Be6 27. b3 Qd3 28. Qb2+ Kg8 29. Qf6 Qxe2 30. Qxd8+ Nxd8 31. Rxe2 Nc6 32. Rd2 Kg7 33. h3 Kf6 34. g4 Ke5 35. f3 Kf4 36. Kf2 a5 37. Re2 Kg5 38. Kg3 a4 39. h4+ Kf6 40. Kf4 Nd4 41. g5+ Kg7 42. Rd2 axb3 43. axb3 Nxb3 44. Rc2 Nd4 45. Rb2 Bxc4 46. Rxb7 Ne6+ 47. Ke3 Bd5 48. Rd7 Bc6 49. Rd6 Ba4 50. f4 Kf8 51. Ke4 Kg7 52. Ke5 Bc2 53. Rd2 Ba4 54. Ra2 Bd1 55. Rd2 Bb3 56. Rh2 h5 57. Rb2 Bd1 58. Rd2 Bg4 59. Rd6 Nc5 60. Rd2 Nb3 61. Rh2 Nc1 62. Ke4 Ne2 63. Ke3 Ng3 64. Kf2 Nf5 65. Ke1 Kf8 66. Kd2 Ke7 67. Kc3 Kd7 68. Kc4 Kd6 69. Rd2+ Kc7 70. Rh2 Kc6 71. Rh1 Bf3 72. Rh2 Bd5+ 73. Kd3 Be6 74. Ke4 Kc5 75. Rc2+ Kb4 76. Rh2 Kc3 77. Rh3+ Kd2 78. Rh2+ Ke1 79. Kd3 Kf1 80. Kd2 Kg1 81. Rh3 Kg2 82. Rc3 Nxh4 83. Ke3 Nf5+ 84. Ke4 h4 85. Rc2+ Kg3 86. Rc3+ Kg4 87. Rc8 Bxc8 0-1

[Event "Mittelfranken Mitte-ch"]
[Site "Zirndorf"]
[Date "2016.01.04"]
[Round "5"]
[White "Meulner, Fabian"]
[Black "Drees, Martin"]
[Result "1/2-1/2"]
[WhiteElo "1765"]
[BlackElo "1875"]
[PlyCount "116"]
[EventDate "2016.01.03"]
[EventType "swiss"]
[EventRounds "7"]
[EventCountry "GER"]
[SourceTitle "EXT 2018"]
[Source "ChessBase"]
[SourceDate "2017.10.13"]
[SourceVersion "1"]
[SourceVersionDate "2017.10.13"]
[SourceQuality "1"]

1. Nf3 Nf6 2. c4 g6 3. Nc3 Bg7 4. d4 d5 5. Bg5 Ne4 6. Bh4 Nxc3 7. bxc3 c5 8. cxd5 Qxd5 9. e3 Nc6 10. Be2 0-0 11. 0-0 e5 12. c4 Qd6 13. d5 Ne7 14. e4 f5 15. Nd2 h6 16. f3 b6 17. a4 g5 18. Bf2 Ng6 19. a5 Bd7 20. exf5 Bxf5 21. Ne4 Qc7 22. Ng3 Bd7 23. Bd3 Nf4 24. Be4 Qd6 25. Bb1 Qf6 26. Ne4 Qf7 27. Qc2 Bf5 28. Qa2 Nxg2 29. Nd6 Bxb1 30. Nxf7 Bxa2 31. Rxa2 Nf4 32. Nd6 Rad8 33. Nb5 Rf7 34. axb6 axb6 35. Ra6 Rb8 36. Nd6 Rff8 37. Rb1 Nh3+ 38. Kg2 Nxf2 39. Kxf2 g4 40. Rb3 Rf6 41. Ne4 Rf4 42. Nxc5 Rbf8 43. Ne6 Rxf3+ 44. Rxf3 Rxf3+ 45. Kg2 e4 46. Ra8+ Bf8 47. Rxf8+ Rxf8 48. Nxf8 Kxf8 49. Kf2 h5 50. Ke3 h4 51. Kxe4 g3 52. hxg3 hxg3 53. Kf3 Ke7 54. Kxg3 Kd6 55. Kf4 b5 56. cxb5 Kxd5 57. b6 Kc6 58. Ke5 Kxb6 1/2-1/2

[Event "Mittelfranken-ch HT"]
[Site "Nuremberg"]
[Date "2015.03.31"]
[Round "2"]
[White "Miller, Eduard"]
[Black "Drees, Martin"]
[Result "1-0"]
[WhiteElo "2157"]
[BlackElo "1942"]
[PlyCount "101"]
[EventDate "2015.03.31"]
[EventType "swiss"]
[EventRounds "9"]
[EventCountry "GER"]
[SourceTitle "EXT 2016"]
[Source "ChessBase"]
[SourceDate "2015.10.08"]
[SourceVersion "1"]
[SourceVersionDate "2015.10.08"]
[SourceQuality "1"]

1. e4 e5 2. Nf3 Nc6 3. Nc3 Nf6 4. d4 exd4 5. Nxd4 Bb4 6. Bg5 h6 7. Bh4 g5 8. Nxc6 dxc6 9. Qxd8+ Kxd8 10. 0-0-0+ Bd7 11. Bg3 Bxc3 12. bxc3 Nxe4 13. Bc4 Nxc3 14. Be5 Nxd1 15. Bf6+ Kc8 16. Bxh8 Nxf2 17. Rf1 Ne4 18. Rxf7 b5 19. Bd3 Nc5 20. Bg6 Be6 21. Rh7 Bxa2 22. Be5 Kb7 23. Rxc7+ Kb6 24. Rh7 a5 25. Rxh6 Bd5 26. g4 a4 27. Rh8 Rxh8 28. Bxh8 Bf3 29. Bd4 Bxg4 30. c3 Be6 31. Kb2 g4 32. Ka3 Kc7 33. Bxc5 Bd5 34. Bf5 Bf3 35. Kb2 Kb7 36. Kc2 Ka6 37. Kd3 Ka5 38. Kd4 Ka6 39. Ke5 Ka5 40. Kd6 a3 41. Bb4+ Kb6 42. Bxa3 Ka5 43. Bb4+ Kb6 44. Bd7 c5 45. Bxc5+ Ka6 46. Ke5 Ka5 47. Kf4 Ka4 48. Bxg4 Bd5 49. Bb4 Kb3 50. h4 Kc4 51. Be2+ 1-0

[Event "Mittelfranken Mitte-ch 1213"]
[Site "Zirndorf"]
[Date "2013.01.05"]
[Round "5"]
[White "Weissmann, Peter"]
[Black "Drees, Martin"]
[Result "1-0"]
[WhiteElo "1724"]
[BlackElo "1603"]
[PlyCount "49"]
[EventDate "2013.01.03"]
[EventType "swiss"]
[EventRounds "7"]
[EventCountry "GER"]
[SourceTitle "EXT 2015"]
[Source "ChessBase"]
[SourceDate "2014.11.20"]
[SourceVersion "1"]
[SourceVersionDate "2014.11.20"]
[SourceQuality "1"]

1. e4 e5 2. d4 exd4 3. Bc4 Bb4+ 4. c3 dxc3 5. bxc3 Bc5 6. Bxf7+ Kxf7 7. Qd5+ Ke8 8. Qxc5 d6 9. Qh5+ g6 10. Qd1 Qe7 11. Ne2 Qxe4 12. 0-0 Qc6 13. Qd4 Nf6 14. Qxf6 Rf8 15. Qg7 Qc4 16. Nd4 Rf7 17. Re1+ Kd7 18. Qg8 c5 19. Qe8+ Kc7 20. Nb5+ Kb6 21. N1a3 Qd5 22. Qxc8 a6 23. Qd8+ Kc6 24. c4 Qf5 25. Qxd6# 1-0

[Event "Mittelfranken Mitte-ch 1213"]
[Site "Zirndorf"]
[Date "2013.01.04"]
[Round "2"]
[White "Dreiseitel, Werner"]
[Black "Drees, Martin"]
[Result "0-1"]
[WhiteElo "1512"]
[BlackElo "1603"]
[PlyCount "66"]
[EventDate "2013.01.03"]
[EventType "swiss"]
[EventRounds "7"]
[EventCountry "GER"]
[SourceTitle "EXT 2015"]
[Source "ChessBase"]
[SourceDate "2014.11.20"]
[SourceVersion "1"]
[SourceVersionDate "2014.11.20"]
[SourceQuality "1"]

1. d4 d5 2. c4 e5 3. dxe5 d4 4. g3 Nc6 5. Bg2 Nxe5 6. Nd2 Ne7 7. a3 N7c6 8. b4 Qe7 9. Qb3 Bf5 10. Ne4 Nxc4 11. Nc5 Nd6 12. Nf3 Be6 13. Nxe6 Qxe6 14. Qa4 Qc4 15. 0-0 Qb5 16. Qc2 Be7 17. Bf4 Bf6 18. Rad1 0-0 19. Nxd4 Nxd4 20. Qxc7 Nxe2+ 21. Kh1 Nxf4 22. gxf4 Nf5 23. Rd5 Qa6 24. Rxf5 Qxa3 25. Qxb7 Rab8 26. Qd7 Rxb4 27. Qc6 Rb6 28. Qe4 Re6 29. Qc2 Rfe8 30. Bd5 Re2 31. Qc7 R2e7 32. Qc4 Qh3 33. Qd3 Qxd3 0-1

[Event "Mittelfranken-chTB2a 1213"]
[Site "Germany"]
[Date "2012.12.02"]
[Round "4.8"]
[White "Keller, Gerhard"]
[Black "Drees, Martin"]
[Result "0-1"]
[WhiteElo "1967"]
[BlackElo "1470"]
[PlyCount "28"]
[EventDate "2012.10.07"]
[EventType "team-tourn"]
[EventRounds "9"]
[EventCountry "GER"]
[SourceTitle "EXT 2019"]
[Source "ChessBase"]
[SourceDate "2018.10.10"]
[SourceVersion "1"]
[SourceVersionDate "2018.10.10"]
[SourceQuality "1"]
[WhiteTeam "Nuernberg Zabo"]
[BlackTeam "Cadolzburg"]
[WhiteTeamCountry "GER"]
[BlackTeamCountry "GER"]

1. e4 e5 2. Nf3 Nc6 3. Bc4 Nf6 4. Ng5 d5 5. exd5 Nd4 6. d6 Qxd6 7. Nxf7 Qc6 8. d3 Qxg2 9. Kd2 Bb4+ 10. Ke3 Ng4+ 11. Qxg4 Bxg4 12. Nxe5 Nxc2+ 13. Kf4 Rf8+ 14. Kg5 Bf3+ 0-1

[Event "Nuremberg Zabo op 14th"]
[Site "Nuremberg"]
[Date "2012.09.15"]
[Round "3"]
[White "Drees, Martin"]
[Black "Ott, Hans1111"]
[Result "0-1"]
[WhiteElo "1606"]
[BlackElo "1696"]
[PlyCount "106"]
[EventDate "2012.09.14"]
[EventType "swiss"]
[EventRounds "5"]
[EventCountry "GER"]
[SourceTitle "EXT 2018"]
[Source "ChessBase"]
[SourceDate "2017.10.13"]
[SourceVersion "1"]
[SourceVersionDate "2017.10.13"]
[SourceQuality "1"]

1. e4 c5 2. c3 d5 3. exd5 Qxd5 4. d4 Nf6 5. Nf3 e6 6. Na3 Nc6 7. Nb5 Qd8 8. Bf4 Nd5 9. Bg3 a6 10. c4 axb5 11. cxd5 Qxd5 12. Bxb5 c4 13. Bxc6+ Qxc6 14. 0-0 Be7 15. Qc2 b5 16. b3 Bb7 17. Rac1 Ba3 18. Rcd1 Qd5 19. bxc4 bxc4 20. h3 0-0 21. Rfe1 f6 22. Re3 Ra6 23. Ree1 Rc8 24. Bf4 c3 25. Qb3 Bb2 26. Rb1 Rxa2 27. Qxd5 Bxd5 28. Bc1 Rb8 29. Re2 Bc4 30. Re1 Bd3 31. Rxb2 cxb2 32. Bxb2 Rbxb2 33. Rxe6 Rxf2 34. Ne1 Rf1+ 35. Kh2 Bc4 36. Rc6 Bd5 37. Rc5 Be4 38. Rc1 Rxe1 39. Rxe1 Rxg2+ 40. Kh1 Re2+ 41. Kg1 Rxe1+ 42. Kf2 Rd1 43. Ke3 f5 44. h4 Rd3+ 45. Kf4 Rxd4 46. h5 Kf7 47. h6 g6 48. Kg5 Ke6 49. Kh4 Rd3 50. Kg5 Ke5 51. Kh4 Bg2 52. Kg5 Rg3+ 53. Kh4 Rg4# 0-1